| Tag |
First Indicator |
Second Indicator |
Subfields |
| LEADER |
00000cam a2200000 a 4500 |
| 001 |
in00001403731 |
| 005 |
20151020053140.0 |
| 008 |
980130s1998 gw r 001 0 eng d |
| 020 |
|
|
|a 3598205813
|
| 035 |
|
|
|a (OCoLC)38289289
|
| 035 |
|
|
|9 AHM7188AM
|
| 040 |
|
|
|a NYP
|c NYP
|d IAY
|d TXA
|d UtOrBLW
|
| 041 |
0 |
|
|a eng
|a ger
|
| 049 |
|
|
|a TXAM
|
| 090 |
|
|
|a Q145
|b .W927 1998
|
| 245 |
0 |
0 |
|a World guide to scientific associations and learned societies /
|c [editor, Michael Zils].
|
| 246 |
3 |
0 |
|a Scientific associations and learned societies
|
| 246 |
3 |
0 |
|a Learned societies
|
| 250 |
|
|
|a 7th ed.
|
| 264 |
|
1 |
|a München :
|b K.G. Saur,
|c 1998.
|
| 300 |
|
|
|a xiv, 529 pages ;
|c 31 cm.
|
| 336 |
|
|
|a text
|b txt
|2 rdacontent
|
| 337 |
|
|
|a unmediated
|b n
|2 rdamedia
|
| 338 |
|
|
|a volume
|b nc
|2 rdacarrier
|
| 490 |
1 |
|
|a Handbook of international documentation and information,
|x 0939-1959 ;
|v v. 13
|
| 500 |
|
|
|a Includes indexes.
|
| 546 |
|
|
|a Prefatory material in English and German.
|
| 650 |
|
0 |
|a Science
|x Societies, etc.
|v Directories.
|
| 650 |
|
0 |
|a Learned institutions and societies
|v Directories.
|
| 700 |
1 |
|
|a Zils, Michael.
|
| 830 |
|
0 |
|a Handbook of international documentation and information.
|x 0939-1959 ;
|v v. 13.
|
| 948 |
|
|
|a c:blr
|
| 999 |
|
|
|a MARS
|
| 999 |
f |
f |
|s 1b8f7a28-a96f-3f9a-9990-f2b580bf39a7
|i 47adf873-8e0b-3aaa-b5b8-4b01e1cabbb2
|t 0
|
| 952 |
f |
f |
|p ric
|a Texas A&M University
|b Rellis Campus
|c Joint Library Facility
|d Remote Storage
|t 0
|e Q145 .W927 1998
|h Library of Congress classification
|i unmediated -- volume
|m A14822477898
|
| 998 |
f |
f |
|a Q145 .W927 1998
|t 0
|l Remote Storage
|